[Event "RUS-ch 54th"]
[Site "Elista"]
[Date "2001.05.08"]
[Round "8"]
[White "Sveshnikov, Evgeny"]
[Black "Zakharevich, Igor"]
[Result "1/2-1/2"]
[WhiteElo "2571"]
[BlackElo "2487"]
[Annotator "Finkel,A"]
[PlyCount "74"]
[EventDate "2001.04.29"]
[EventType "swiss"]
[EventRounds "9"]
[EventCountry "RUS"]
[SourceTitle "CBM 083"]
[Source "ChessBase"]
[SourceDate "2001.07.05"]
[SourceVersion "1"]
[SourceVersionDate "2001.07.05"]
[SourceQuality "1"]

1. e4 g6 2. d4 Bg7 3. Nc3 d6 4. Be3 Nf6 5. Qd2 c6 6. f3 b5 7. g4 h5 8. g5 Nfd7
9. f4 Bb7 (9... Nb6 10. b3 b4 (10... a5 11. Nf3 b4 12. Nd1 d5 $132 {Gazik,
I-Umlauft,W/OLWuert 1993}) 11. Nce2 a5 12. Bg2 d5 13. e5 e6 14. Nf3 Ba6 15. O-O
O-O 16. Rf2 $14 {Wang Zili-Wang Rui/Lee Cup 1995}) 10. Bg2 (10. e5 Nb6 11. Nh3
N8d7 12. Rg1 b4 13. Ne4 c5 $1 $36 {Zulfugarli,M-Gelman,A/Bank Pocztowy SA Open
1999}) 10... b4 (10... Nb6 11. b3 N8d7 12. Nh3 O-O 13. f5 Re8 14. O-O e5 15. d5
$14 {Magem Badals,J-Izeta Txabarri,F/Pamplona9394 1993}) 11. Nce2 c5 12. Nh3
Nc6 $5 {After this move black gets very comfortable equlity and I think that
white is the one who has to be carefull to keep the position balanced.} (12...
Nb6 13. b3 N8d7 14. Rd1 Qc7 15. O-O a5 16. f5 gxf5 17. g6 O-O-O 18. Ng5 $5 $13
{Saric,I-Postny,E/WCh U18 Boys 1999}) 13. Rd1 (13. O-O-O Qa5 (13... cxd4 $6 14.
Nxd4 O-O 15. e5 $14 {[%cal Gg2b7]}) 14. Kb1 Nb6 15. Bf2 Nc4 16. Qc1 cxd4 17.
Nxd4 Nxd4 18. Bxd4 e5 $132) 13... cxd4 14. Nxd4 O-O 15. O-O (15. Nxc6 Bxc6 16.
Qxb4 $2 Rb8 17. Qc4 Bb5 18. Qd5 Bxb2 $15) 15... Nxd4 16. Bxd4 Bxd4+ 17. Qxd4
Qb6 $132 18. Rf2 Rac8 (18... Qxd4 $6 19. Rxd4 a5 20. e5 Bxg2 21. Rxg2 Nc5 22.
exd6 exd6 23. Rxd6 Na4 24. b3 Nc3 25. f5 $14) (18... Rfc8 $5) 19. Qxb6 Nxb6 20.
b3 Rc5 21. f5 Nd7 $6 ({More ambitious was} 21... Rfc8 $1 22. Rc1 (22. Rdd2 Ra5
23. Nf4 (23. f6 Kf8 $1 (23... exf6 24. gxf6 Rxa2 25. Rxd6 Ra1+) 24. e5 $6 Bxg2
25. fxe7+ Ke8 26. Kxg2 dxe5 $17 {[%csl Re7]}) 23... gxf5 24. exf5 Bxg2 25. Rxg2
Rxf5 26. Nxh5 Ra5 $15) 22... gxf5 23. exf5 Bxg2 24. Kxg2 Nd5 $15 {with better
prospects in all variations.}) 22. f6 Re8 23. fxe7 Rxe7 24. Rxd6 Nf8 25. Nf4 (
25. Rd4 a5 26. Rfd2 Rec7 27. Nf4 Rxc2 28. Kf2 $11) 25... Rxg5 26. Nd5 Bxd5 27.
exd5 Nd7 $1 $13 {[%csl Rd6]} 28. Kf1 (28. Rc6 $5 Re1+ 29. Rf1 Re2 30. Rf2 Re1+
$11) 28... Kg7 29. Ra6 Rge5 $1 (29... Nc5 $6 30. Rc6 Ne4 31. d6 Re6 32. Bxe4
Rxe4 33. Rc7 Rd5 34. Rcxf7+ Kh6 35. Rxa7 Rxd6 36. a3 $16) 30. Rd2 Nf6 31. Bf3 (
31. h3 $5) 31... Rf5 32. Kg2 Re3 33. Rf2 Re1 34. Rd2 Re3 35. Rf2 Re1 36. Rd2
Re3 37. Rf2 Re1 1/2-1/2

[Event "Vidmar Memorial 14th"]
[Site "Portoroz"]
[Date "2001.07.08"]
[Round "6"]
[White "Volokitin, Andrei"]
[Black "Beliavsky, Alexander G"]
[Result "0-1"]
[WhiteElo "2551"]
[BlackElo "2659"]
[Annotator "Finkel,A"]
[PlyCount "108"]
[EventDate "2001.07.03"]
[EventType "tourn"]
[EventRounds "9"]
[EventCountry "SLO"]
[EventCategory "14"]
[SourceTitle "CBM 085"]
[Source "ChessBase"]
[SourceDate "2001.11.13"]
[SourceVersion "1"]
[SourceVersionDate "2001.11.13"]
[SourceQuality "1"]

1. e4 d6 2. d4 Nf6 3. Nc3 g6 4. Be3 c6 5. Qd2 b5 6. f3 (6. Bd3) 6... Nbd7 7. g4
Nb6 (7... h6 8. h4 Bg7 9. Nge2 Nb6 10. Ng3 Qc7 11. b3 $36) 8. h4 (8. a4 Nc4 9.
Bxc4 bxc4 10. Qe2 d5 11. e5 Nd7 $13) (8. Bh6 Bxh6 9. Qxh6 e5 10. Nge2 Qe7 $10)
8... h5 9. g5 Nfd7 10. d5 {The only way to fight for the advantage} (10. b3 $11
) (10. a4 Nc4) (10. f4 Bg7 11. f5 O-O 12. Bd3 Nc4 $13) 10... Ne5 {Temporarily
sacrifing a pawn, but getting good compensation instead} (10... cxd5 11. Bd4 (
11. Nxd5 a6 12. Bxb6 Nxb6 13. Qc3 Nxd5 14. Qxh8 Ne3 15. Bd3 $16) (11. Nxb5 $5
Bg7 12. Bd4 O-O 13. Bxg7 Kxg7 14. exd5 Kh7 15. c4 Ba6 16. Na3 Qc7 17. b3 Qc5
18. Nc2 $14 {Borisek,J-Kukel,I/t-EuCh U18 2000}) 11... Rh7 (11... e5 $2 12.
Bxb6 axb6 13. Nxd5 $16) (11... Ne5 12. Bxb5+ Bd7 13. Bxe5 dxe5 14. Bxd7+ Nxd7
15. Qxd5 e6 16. Qc6 Rc8 17. Qa4 Qc7 $44 {Xie Jun-Olafsson,F/Vienna Walzer 1993}
) 12. Nxd5 a6 13. a4 $6 (13. Nxb6 Nxb6 14. O-O-O $16) 13... bxa4 14. Qa5 Nxd5
15. Qxd5 Rb8 16. Qc6 Bg7 17. Qxa4 Kf8 18. Rh2 $13 {Piskov,Y-Maiwald,Y,Bonn GSK,
1995}) (10... c5 11. Bxb5 a6 12. Be2 Ne5 13. b3 Bg7 14. Nh3 a5 (14... Qc7 15.
Nf2 c4 16. Bd4) 15. Nf2 (15. a4 c4 16. Nf2 Ba6 $132) 15... Ba6 (15... a4 16.
O-O) 16. f4 $16 {1-0 Markovic,M-Popchev,M/Serbian-ch 29th 1998}) 11. dxc6 (11.
Bd4 Bg7 $8 12. dxc6 Nbc4 13. c7 Qd7 14. Qc1 O-O 15. Nd5 Bb7 16. Bh3 Qe8 17. f4
Nd7 18. Bxg7 Kxg7 19. b3 $14 {Nijboer,F-Timman,J/NLD-ch 1997}) 11... Nbc4 12.
Bxc4 Nxc4 13. Qd3 {An improvment comparing to 13.Qd4, which gave black better
chanses} (13. Qd4 Rg8 $1 14. Nxb5 Qa5+ 15. Nc3 Be6 $15 {[%cal Rf8g7,Yc4b2]
Nijboer,F-Smirin,I/EU-chTM 1997}) 13... Bg7 $1 {Very strong move. After natural
} (13... Nxe3 {white would get an advantage:} 14. Qxe3 Qc7 15. Nxb5 (15. Qd4 $6
Rg8 16. Nxb5 Qa5+ (16... Qxc6 17. Qd5 Qxd5 18. Nc7+ Kd8 19. Nxd5 $14) 17. Nc3
Bg7 18. Qd2 Rb8 $132) 15... Qxc6 (15... Qa5+ 16. Qc3 $16) 16. Qc3 Qxc3+ 17.
Nxc3 Rb8 18. b3 Bg7 19. Nge2 Ba6 20. Rd1 $14) 14. Nge2 (14. Bd4 $2 Nxb2 15. Qd2
Nc4) (14. O-O-O Qa5 $2 {[%cal Gc4b2]} 15. Bd4 e5 16. Bf2 Qb4 $17 {[%csl Rb2]})
14... Ne5 15. Qxb5 Nxf3+ 16. Kf2 Ne5 17. Nd5 (17. c7+ Qd7 18. Qd5 Nc6 19. Nd4
Bb7 20. Nxc6 Bxc6 (20... Qxc7 $6 21. Nb5 Qxc6 22. Qxc6+ Bxc6 23. Nc7+ Kd7 24.
Nxa8 Rxa8 25. c3 $14) 21. Qa5 O-O $15) 17... O-O 18. Kg3 {Deserved attention} (
18. c7 $5 Qd7 $6 (18... Qe8 19. Qb8 Bg4 20. Qb7 Bf3 21. c8=Q Rxc8 22. Nxe7+ Kh8
23. Nxc8 Bxh1 (23... Qxc8 24. Qxc8 Rxc8 25. Rhc1 Bxe4 26. Bxa7 $16) 24. Nxd6
Ng4+ 25. Kg1 Qe6 $44 {[%cal Ge6e5,Ge5h2]}) 19. Qxd7 Bxd7 20. Nxe7+ Kh8 21. Bd4
Rfe8 22. Nd5 $16) 18... e6 19. c7 Qd7 20. Qxd7 Bxd7 21. Nf6+ (21. Ne7+ Kh8 22.
Rhf1 Rfe8 23. c8=Q Bxc8 24. Nxc8 Rexc8 $15) 21... Bxf6 22. gxf6 Ng4 23. Bg5
Rfc8 24. c4 ({Better was} 24. Rhd1 $1 Rxc7 25. Rxd6 Rxc2 26. Rxd7 (26. Nd4 Rc7
27. Rd1 Rac8 28. Nf3 $14) 26... Rxe2 27. Rad1 Rxe4 28. Rd8+ Rxd8 29. Rxd8+ Kh7
30. Rd7 $14 {with better chanses for white}) 24... Rxc7 25. Rac1 Rb7 26. Rc2 (
26. b3 a5 27. Rhd1 a4 (27... Ra6 28. c5 dxc5 29. Rxc5 a4 30. b4 $14) 28. b4 $1)
26... Rab8 27. b3 a5 28. Rd1 a4 29. b4 $1 Rxb4 30. Rxd6 Be8 31. c5 $6 (31. Nd4
$5 Rc8 32. Nf3 e5 (32... Rcxc4 $6 33. Rxc4 Rxc4 34. Rd8 Kf8 35. e5 $16) 33. Nd2
$13) 31... Rc8 32. Rd4 Rxd4 33. Nxd4 e5 $15 34. Nf3 (34. Ne2 Bb5 35. Kf3 Rc6
$17 {[%csl Rf6]} (35... Kf8 $5 $15 {[%cal Gf8e8,Ge8d7,Gd7e6]})) 34... Bc6 {
[%csl Re4]} 35. Rc4 Rb8 36. Rc3 Kf8 (36... Bxe4 $6 37. Nxe5 Nxe5 38. Kf4 $11)
37. Nd2 Rd8 38. Kf3 $6 Rd4 39. Rc2 Ke8 40. Rc4 Rd3+ (40... Bxe4+ $4 41. Nxe4
Rxc4 42. Nd6+ $18) 41. Ke2 Ra3 42. Rb4 (42. Rc2 Bb5+ 43. Kd1 Rh3 $17 {[%csl
Rd1]}) 42... Rxa2 43. Rb8+ Kd7 44. Rf8 Ke6 45. Rd8 Bxe4 $19 46. Rd6+ Kf5 47.
Rd7 Bc6 48. Rxf7 Bb5+ 49. Kf3 e4+ 50. Kg3 (50. Nxe4 Bc6 51. Re7 Bxe4+ 52. Rxe4
Rf2+ 53. Kg3 Kxe4 $19) 50... Ra3+ 51. Kg2 e3 52. Nf3 Ra2+ 53. Kg3 Bf1 {[%csl
Rg3]} 54. Ne1 Rh2 $1 0-1

[Event "FIDE-Wch k.o."]
[Site "New Delhi/Teheran"]
[Date "2000.11.30"]
[Round "2.1"]
[White "Galkin, Alexander"]
[Black "Beliavsky, Alexander G"]
[Result "1/2-1/2"]
[WhiteElo "2587"]
[BlackElo "2654"]
[Annotator "Finkel,A"]
[PlyCount "60"]
[EventDate "2000.11.27"]
[EventType "k.o."]
[EventRounds "7"]
[EventCountry "IND"]
[SourceTitle "CBM 081"]
[Source "ChessBase"]
[SourceDate "2001.03.20"]
[SourceVersion "1"]
[SourceVersionDate "2001.03.20"]
[SourceQuality "1"]

{[%mdl 48]} 1. e4 d6 2. d4 Nf6 3. Nc3 g6 4. f3 c6 (4... Bg7 5. Be3 c6 6. Qd2 b5
7. g4 (7. O-O-O) (7. h4 h5 8. a4 b4 9. Nd1 a5 10. Nh3 Bxh3 11. Rxh3 Nbd7 12.
Nf2 O-O 13. g4 c5 $1 14. Bb5 $1 cxd4 15. Bxd4 Rc8 16. O-O-O $13 {Van der Wiel,
J-Nijboer,F Nederland (ch) 1995 64/108 [Van der Wiel,J]}) (7. g4 h5 8. gxh5
Nxh5 9. Nge2 Nd7 10. Rg1 Qc7 11. Ng3 Bb7 12. O-O-O a6 13. f4 b4 14. Nxh5 Rxh5
15. Ne2 c5 $1 $36 {Beliavsky,A-Chernin,A Reggio Emilia 1995 66/85 [Beliavsky,A]
}) (7. O-O-O O-O 8. g4 Qa5 9. Kb1 Be6 10. b3 b4 11. Na4 c5 $1 12. g5 Nh5 13.
dxc5 Nc6 14. Bh3 Rad8 15. Bxe6 fxe6 16. Qe1 dxc5 $36 {Yudasin,L-Anand,V Munich
1991})) 5. Be3 b5 6. Qd2 Nbd7 7. Nge2 Bg7 8. Nf4 $6 {The favorite move of
Alexander Galkin which braught him a few very important wins, but I think that
this move simply doesn't suit white's set-up and in the following game
Beliavsky has shown exactly why.} (8. g4 Nb6 9. b3 (9. Ng3 Qc7 10. O-O-O Bb7
11. g5 Nfd7 12. h4 O-O-O 13. h5 Rhg8 14. Qf2 b4 15. Nb1 c5 $40 {Gdanski,
J-Hennigan,M Wch-U20 Santiago 1990}) 9... a5 10. a4 b4 11. Nd1 h5 12. g5 Nfd7
$13) 8... O-O (8... Bb7 9. Nd3 {/\e5} a5 $1 (9... e5 $6 10. dxe5 Nxe5 11. Nxe5
dxe5 12. Qxd8+ Kxd8 13. a4 b4 14. Na2 a5 15. Bc4) 10. Qf2 Nb6 11. b3 $1 a4 $6
12. Be2 (12. Rc1 axb3 13. cxb3 O-O 14. g4 Nbd7 $5 15. Bh3 c5 16. dxc5 $14 {
Galkin,A-Zakharevich,I/RUS-Cup4 1997}) 12... axb3 13. cxb3 O-O 14. O-O Nbd7 15.
Rac1 Qb8 16. Rfd1 $14 {Galkin,A-Shabanov,Y/Russian Club Cup 1998} (16. f4 $5
$36)) (8... e5 9. dxe5 dxe5 10. Nd3 $16) (8... a6 9. O-O-O Bb7 10. g4 e5 11.
dxe5 dxe5 12. Nd3 O-O 13. h4 Qe7 14. Qf2 $14 {Reichert,M-Jurisic,Z/Wuert-chT
1994}) (8... Nb6 9. b3 Qc7 10. Nd3 a5 11. Rc1 O-O 12. g4 e5 13. dxe5 dxe5 14.
Qf2 Rb8 15. Ne2 Ne8 $132 {Galkin,A-Zakharevich,I/RUS-chT 1996}) 9. Be2 Qc7 10.
O-O Rb8 $5 (10... e5 11. dxe5 Nxe5 12. b3 Bb7 13. a4 b4 14. Na2 a5 15. c3 c5
16. Rad1 c4 17. Qc2 g5 18. Nd5 Nxd5 19. exd5 $14 {Galkin,A-Kasimdzhanov,R/WJun
1999}) 11. b3 a6 12. Rac1 Bb7 13. a4 Rfd8 14. Rfd1 e5 {Black had made all
preparation moves and it's time for e5 now} (14... b4 $6 15. Nb1 e5 16. dxe5
dxe5 17. Nd3 c5 18. c3 $16 {[%cal Gc1c7]}) 15. dxe5 dxe5 16. Nd3 Nf8 17. Qe1 ({
The only chance to fight for the advantage was} 17. Bf1 $5 Ne6 18. Qf2 Nd4 19.
b4 $5 Nd7 20. Ne2 c5 $6 21. axb5 axb5 22. bxc5 Nxc5 23. Nxc5 Qxc5 24. Bxd4 exd4
25. c3 $1 $16 {[%cal Gf2c5]}) 17... Ne6 18. Nc5 (18. Qf2) 18... Nd4 $5 (18...
Nxc5 19. Bxc5 Bf8 20. Bxf8 (20. Be3 Nd7 (20... Bb4 $2 21. Nxb5 $1 {[%cal Ge1b4,
Gb5c7]} Bxe1 22. Nxc7 Ba5 23. Nxa6 $18) 21. Bf1 Nc5 22. Qf2 Ne6 23. Bb6 Rxd1
24. Rxd1 Qxb6 25. Qxb6 Bc5+ 26. Qxc5 Nxc5 27. axb5 axb5 28. b4 Ne6 $11) 20...
Kxf8 21. Qf2 Nd7 $11 {[%cal Gc7b6]}) 19. Nxb7 Rxb7 20. Bf1 Bf8 21. Bg5 Be7 22.
Qh4 Nh5 $5 (22... Kg7 23. Qh6+ Kg8 24. Qh4) 23. Bxe7 Qxe7 24. Qxe7 Rxe7 25. Kf2
{The endgame is absolutely equal and the draw agreement is not far away} Nf4
26. g3 Nfe6 27. Bh3 Kf8 (27... Nc5 28. axb5 axb5 29. Ne2 Ra7 30. Ke3 Nce6 31.
Bxe6 Nxe6 32. Rxd8+ Nxd8 $11) 28. axb5 axb5 29. Bxe6 Rxe6 30. Ne2 Red6 1/2-1/2

[Event "EU-ch 2nd"]
[Site "Ohrid"]
[Date "2001.06.01"]
[Round "1"]
[White "Khenkin, Igor"]
[Black "Kantsler, Boris"]
[Result "1/2-1/2"]
[WhiteElo "2609"]
[BlackElo "2507"]
[Annotator "Finkel,A"]
[PlyCount "51"]
[EventDate "2001.06.01"]
[EventType "swiss"]
[EventRounds "13"]
[EventCountry "YUG"]
[SourceTitle "CBM 084"]
[Source "ChessBase"]
[SourceDate "2001.09.13"]
[SourceVersion "1"]
[SourceVersionDate "2001.09.13"]
[SourceQuality "1"]

1. d4 d6 2. e4 Nf6 3. Nc3 g6 4. g3 Bg7 5. Bg2 O-O 6. h3 e5 7. Nge2 Nc6 8. Be3
Bd7 9. O-O b5 $5 {After this move the game becomes extremly sharp and it's
very difficult to say who is better till the end of the game!} (9... Nh5 10. d5
(10. Nd5 Re8 11. dxe5 dxe5 12. g4 Nf6 13. Bg5 Be6 14. Qd2 Bxd5 15. exd5 Nb8
$132 {Marinkovic,I-Nueesch,G/Biel 1995/CBM 48 ext}) 10... Ne7 11. g4 f5 12.
gxh5 f4 13. Bd2 f3 14. Bxf3 Rxf3 15. Ng3 Rf7 $44 {Phillips,R-Fietz,H/Berlin
1994/EXT 97}) (9... Re8 10. d5 (10. a4 a5 11. Re1 h5 12. Qd2 exd4 13. Nxd4 Ne5
14. b3 Qc8 15. f4 Nc6 16. Kh2 Nxd4 17. Bxd4 Bc6 18. Rad1 Qe6 $132 {Stojanovski,
K-Thorsteins,K/Bela Crkva 1983/EXT 98}) 10... Ne7 (10... Na5 11. Qd3 c5 12.
dxc6 bxc6 13. b4 Nb7 14. a4 Qc8 15. Kh2 Be6 $132 {Barlov,D-Novak,I/Prague 1981/
EXT 98}) 11. Qd2 c6 12. dxc6 Bxc6 13. Rfd1 Nc8 14. a4 b6 15. Qd3 Qc7 16. a5
bxa5 17. Nc1 $14 {Tseshkovsky,V-Marangunic,S/Bled 1979/MCL}) (9... exd4 10.
Nxd4 Nxd4 11. Bxd4 Bc6 12. Qd2 Nd7 13. Bxg7 Kxg7 14. Nd5 Bxd5 15. Qxd5 Rb8 16.
Rad1 Qf6 17. c3 Qe5 18. Qd2 b5 19. Rfe1 {1/2-1/2 Tisdall,J-Schussler,H/Espoo
1989/CBM 14 (19)}) 10. Nxb5 Rb8 11. Nxa7 $1 (11. Na3 exd4 $1 (11... Rxb2 $6 12.
d5 $16) 12. Nxd4 Rxb2 13. Nxc6 Bxc6 14. Qd3 Qe8 $132) 11... Nxd4 (11... Nxa7
12. dxe5 {[%csl Ra7,Rf6]} dxe5 13. Bxa7 Rxb2 14. Bc5 $16) 12. Bxd4 (12. Nxd4 $6
exd4 13. Bxd4 c5 14. e5 $1 {[%cal Ga7c6]} cxd4 15. exf6 Bxf6 16. Nc6 (16. b3 $2
Qb6 $19) 16... Bxc6 17. Bxc6 Rxb2 $13) 12... exd4 13. Nxd4 {[%cal Ga7c6]} Rxb2
14. a4 (14. Nac6 Qe8 $1 $15) 14... Qe8 (14... Qa8 $6 15. Nab5 Nxe4 16. Nxc7 Qa5
(16... Qa7 17. Ncb5 $18 {[%csl Re4]}) 17. Ncb5 Nc3 18. Qd2 Bxd4 19. Nxd4 $16)
15. Nab5 (15. Qd3 $5 c6 $1 (15... Bxa4 $2 16. Qa3 $1 {[%cal Ga3a4,Ga3b2]} Qb8
$8 17. Qxa4 Rb4 18. Qa5 Rxd4 19. Nc6 $18) (15... c5 16. Ndb5 d5 17. exd5 Bf5
18. Qa3 Rxc2 19. Rac1 $16) 16. Rfb1 Rxb1+ 17. Rxb1 Qa8 18. Naxc6 Bxc6 19. Nxc6
Qxc6 20. e5 Qxa4 21. exf6 Bxf6 22. Bd5 $14 {[%csl Rf7]}) 15... Nxe4 16. Re1 $5
(16. Nxc7 Qe5 $44) 16... d5 17. Nxc7 Qe5 18. Nxd5 $1 Nxf2 $5 {This spectacular
move simplifies the position and keeps the balance, but my be black could
fight for more after} (18... Qxd5 $1 19. Rxe4 Bxh3 $1 {[%csl Re4]} 20. c4 $1
Qc5 21. Bxh3 Rd8 $44 {[%csl Rf2][%cal Gd8d1]}) 19. Rxe5 $8 Nxd1 20. Nf3 $1 (20.
Re4 f5 21. Rf4 g5 22. Rxd1 gxf4 23. Nxf4 Bxa4 24. Nfe6 Rf6 25. Bd5 Be8 $1 $15)
20... Bxe5 21. Nxe5 {[%csl Rd1,Rd7]} Bxa4 22. Rxa4 Rxc2 23. Ra7 $14 Rd2 24. g4
(24. Nc4 Rd4 25. Nd6 Ne3 26. Nf6+ Kg7 27. Nfe8+ Kg8 $13) 24... Nf2 25. g5 $6
Nxh3+ 26. Bxh3 $11 1/2-1/2

[Event "EU-ch 2nd"]
[Site "Ohrid"]
[Date "2001.06.02"]
[Round "2"]
[White "Fedorov, Alexei"]
[Black "Efimov, Igor"]
[Result "1-0"]
[WhiteElo "2590"]
[BlackElo "2480"]
[Annotator "Finkel,A"]
[PlyCount "123"]
[EventDate "2001.06.01"]
[EventType "swiss"]
[EventRounds "13"]
[EventCountry "YUG"]
[SourceTitle "CBM 084"]
[Source "ChessBase"]
[SourceDate "2001.09.13"]
[SourceVersion "1"]
[SourceVersionDate "2001.09.13"]
[SourceQuality "1"]

1. e4 d6 2. d4 Nf6 3. Bd3 e5 (3... c5 4. d5 $5 {N} (4. c3 {-B22}) 4... c4 5.
Bxc4 Nxe4 6. Qe2 Nf6 7. Nc3 g6 8. Nf3 Bg7 9. O-O O-O 10. Re1 Re8 11. h3 a6 12.
a4 b6 13. Be3 Bb7 14. Bd4 Nbd7 15. b4 Qc7 16. a5 b5 17. Bb3 Rac8 18. Rad1 $14 {
(),Gavrilov,A-Vorotnikov,V,Moscow VDFSO 1992,EXP 29}) 4. c3 Be7 (4... d5 5.
dxe5 Nxe4 6. Nd2 $5 Nc5 7. Bc2 Be7 8. b4 Ne6 9. Nb3 b6 10. f4 c5 11. f5 Ng5 12.
Bxg5 Bxg5 13. Nf3 Ba6 14. bxc5 O-O 15. Bd3 Re8 16. O-O bxc5 17. Bxa6 Nxa6 18.
Qe2 c4 19. Nbd4 $36 {Hort,V-Chernin,A,San Bernardino op 1991}) (4... Nc6 5. Ne2
(5. Nf3 Be7 (5... g6 6. O-O Bg7 7. dxe5 (7. h3 $142 $5) 7... Nxe5 8. Nxe5 dxe5
9. Na3 O-O 10. Qc2 Be6 11. Rd1 Qe7 12. Bc4 Bd7 13. Bg5 Rfd8 14. f3 b5 15. Bf1
a6 16. Qf2 Be6 17. Rxd8+ Rxd8 18. Nc2 h6 19. Be3 Bf8 $10 {Fuller,M-Miles,A,
Melbourne Masters 1992}) 6. O-O O-O 7. d5 Nb8 8. c4 Bg4 9. Nc3 Ne8 10. a3 a5
11. Rb1 Bxf3 12. Qxf3 Bg5 13. b4 Bxc1 14. Rfxc1 Nd7 15. Qe3 Nef6 16. h3 Qe7 17.
Be2 g6 18. Bd1 Rfc8 19. Na4 axb4 20. axb4 c5 $1 $13 {Kamsky,G-Nikolic,P,
Tilburg 1990,CBM 20}) 5... Be7 6. O-O O-O 7. f4 $5 exd4 8. cxd4 Bg4 9. Be3 Nb4
10. Nbc3 Nxd3 11. Qxd3 Bxe2 12. Qxe2 Re8 13. Rad1 Qc8 14. h3 $16 {[+],
Vospernik,A-Dolinar,D,Bled op 1992,CBM 29}) (4... c6 5. f4 $5 $14) 5. Nf3 Nbd7
6. O-O c6 (6... O-O 7. Re1 Re8 8. Nbd2 Bf8 9. a4 h6 10. a5 Rb8 11. b4 $14 {
Magai,V-Efimov,I/Istanbul 2000/EXT 2001}) 7. Nbd2 (7. Re1 O-O 8. a4 Re8 9. h3
Qc7 10. Nbd2 Nf8 11. Nf1 (11. b4 Ng6 12. dxe5 dxe5 13. Bc4 h6 14. Qb3 Bf8 15.
a5 Rb8 16. Nf1 b5 17. axb6 axb6 18. Qc2 b5 19. Bb3 Be6 $10 {Iuldashev,
S-Tseshkovsky,V,Voskresensk 1992,CBM 31}) 11... Ng6 12. Ng3 h6 13. Qc2 Bf8 14.
Bd2 Bd7 15. Rad1 Rad8 16. Bc1 Bc8 17. Qb1 a5 18. Bc2 $14 {Landa,K-Makarjev,I/
Sochi 1992/EXT 97}) 7... Qc7 (7... O-O 8. Re1 Re8 9. Nf1 Bf8 10. Ng3 g6 11. h3
Bg7 12. Nh2 d5 13. exd5 Nxd5 14. Nf3 exd4 {1/2-1/2 Beshukov,S-Shestoperov,A/
Krasnodar 1991/CBM 25 ext (14)}) 8. Re1 Nf8 (8... O-O 9. a4 Re8 (9... b6 10.
Nf1 Re8 11. Ng3 Nf8 12. h3 Ne6 13. Bd2 Bf8 14. Qc2 $14 {Smirin,I-Hansen,C/
Tilburg 1992/CBM 32}) 10. Nc4 (10. Nf1 Bf8 11. Ng3 g6 12. Bd2 $14) 10... b6 11.
Bg5 a6 12. Qb3 Nh5 13. Bxe7 Rxe7 14. Qa3 $14 {Godena,M-Coppini,G/Porto San
Giorgio 1995/EXT 2000}) 9. Nf1 Ng6 10. Ng3 O-O 11. Nf5 $5 (11. b3 Re8 12. Bb2
Bf8 13. h3 Nf4 14. Bf1 g6 15. Qc2 Bg7 16. Rad1 Bd7 17. c4 $14 {Fedorov,
A-Makarjev,I/Protvino 1992/EXT 97}) 11... Be6 ({Of course not} 11... Bxf5 12.
exf5 Nf4 13. dxe5 dxe5 14. Nxe5 Nxd3 15. Qxd3 $16 {and white is a pawn up.})
12. h3 Rae8 13. Nxe7+ {One of many possible plans. Another options were} (13.
Be3 Bxf5 14. exf5 Nf4 15. Bc2 Bd8 16. Qd2 $14) (13. b3 b6 14. Qc2 $14) 13...
Qxe7 14. Be3 $14 {White has not such a big, but very comfortable advantage,
mainly because of the fact that black nay hardly create any counterplay.} Rd8
15. Qc2 b6 16. a4 {White has to combine play on both wings to create
weaknesses in the position of black} Nh5 17. dxe5 $5 dxe5 18. a5 Nhf4 19. Bf1
c5 {Black has no other way to defend on b6:} (19... Qc7 20. axb6 axb6 21. Ng5
Bc8 22. Qb3 $14 {and black has to play c5 anyway.}) 20. Kh2 Qf6 21. Ng1 $5 {
Preparing to win some space on the kingside with g3 and h4.} (21. Nd2 $5) (21.
g3 $2 Nxh3 $17 {[%csl Rf3]}) 21... Bc8 22. Red1 Bb7 23. f3 {White is not
afraid to weaken black squres because black can't take advantage of this
without the darksquared bishop.} h5 24. g3 Ne6 25. h4 $1 {Otherwise black
would get counterplay after ...h4} Ne7 (25... Rxd1 26. Rxd1 Rd8 27. Ra1 $1 $14)
26. axb6 axb6 27. Qb3 Nc8 28. Bc4 Qe7 29. Nh3 Bc6 30. Ng5 $1 {White has in
mind to attack on the kingside, so it's useful to get rid of the knight on e6,
which is the only active black piece.} Rxd1 (30... Nxg5 $2 31. Bxg5 {[%cal
Gg5d8]} Rxd1 32. Bxe7 Rxa1 33. Bxf8 $18) 31. Rxd1 Nxg5 32. Bxg5 Qa7 33. Rd2 $1
{[%cal Gb3e1,Gf3f4]} Kh7 (33... Qa1 $2 34. Bxf7+ $1 Rxf7 35. Rd8+ $18) 34. Qd1
f6 35. Be3 {[%csl Rh5,Rh7][%cal Gf3f4] It suddenly turns out that blck king is
in grave danger and black pieces don't manage to come on time to defend it!}
Qe7 36. f4 Be8 37. f5 $1 $16 g6 (37... Na7 38. g4 hxg4 39. Qxg4 Nc6 40. Rg2 $16
{[%cal Gh4h6]}) 38. g4 b5 39. Be6 $1 Nb6 40. gxh5 gxf5 (40... gxh5 41. Qg1 $1
$18 {[%csl Rc5]}) 41. Bxf5+ Kh8 42. Rg2 Nc4 43. Bxc5 $1 $18 {Tactics on the
service of strategy! After fantastically carried out game plan white decides
the game in his favor with nice tactical blow.} Qxc5 44. Qg4 {[%csl Rg7]} Qe7
45. h6 Ne3 46. Qg7+ Qxg7 47. hxg7+ Kg8 48. gxf8=Q+ Kxf8 49. Re2 {The rest is
easy.} Nc4 50. Kg3 Nd6 51. Kg4 Kg7 52. b3 Bf7 53. Rd2 Nxf5 54. exf5 Bxb3 55.
Rd7+ Kh6 56. Rd6 Kg7 57. h5 Bc4 58. h6+ Kxh6 59. Rxf6+ Kg7 60. Rd6 Kf7 61. Kf3
Ke7 62. Rd2 1-0